Countries in Europe where the most Jews got murdered in WWII - Statistics

General Stats
  • This quiz has been taken 358 times
  • The average score is 15 of 18
Answer Stats
Jews Murdered Country % Correct
180,000 Germany
99%
3,000,000 Poland
99%
1,200,000 Russia
98%
76,000 France
97%
7,500 Italy
93%
65,000 Austria
90%
105,000 Netherlands
90%
24,000 Belgium
89%
300,000 Hungary
88%
55,000 Yugoslavia
87%
400,000 Romania
86%
60,000 Greece
80%
800 Norway
75%
85,000 Latvia
71%
2,000 Estonia
70%
135,000 Lithuania
70%
300,000 Czechoslovakia
64%
700 Luxembourg
61%
No matching quizzes found
Score Distribution
Percent of People with Each Score
Percentile by Number Answered
Your Score History
You have not taken this quiz